00969nam a22002657a 4500003000500000005001700005008004100022010001000063011001000073020001500083035001100098040000900109082002100118110006000139245021100199260002400410300001100434490003300445650001200478650002200490650003600512650003800548710008400586830003300670CHAP20220329143059.0060210d2005 it rn 00110 spa d a91658 a92630 a9251053405 a103195 cCHAP04a639.2bF46 v.7792 aFAO. Comisión General de Pesca para el Mediterráneo10aReport of the meeting of the AD HOC GFCM/ICCAT working group on sustainable bluefin tuna farming / fattening practices in the Mediterranean (3o.)c/by FAO. Comisión General de Pesca para el Mediterráneo aRome :bFAO,c2005. a108 p. 0aFAO. Informe de pescav; 77914aAtún.14aPesca sostenible.14aPescaxRegión Mediterránea.14aRecursos marinosxConservación.2 aFAO. Comisión Internacional para la Conservación de Atún del Atlántico.0 aFAO. Informe de pescav; 779